| Tag |
First Indicator |
Second Indicator |
Subfields |
| LEADER |
00000cam a2200000 i 4500 |
| 001 |
in00004792151 |
| 003 |
OCoLC |
| 005 |
20240523114000.0 |
| 008 |
240109t20242024vaua b 001 0 eng |
| 010 |
|
|
|a 2023052302
|
| 024 |
8 |
|
|a 40032312240
|
| 040 |
|
|
|a DLC
|b eng
|e rda
|c DLC
|d OCLCO
|d BDX
|d YDX
|
| 019 |
|
|
|a 1411219620
|
| 020 |
|
|
|a 9780813950976
|q hardcover
|
| 020 |
|
|
|a 081395097X
|q hardcover
|
| 020 |
|
|
|a 9780813950983
|q paperback
|
| 020 |
|
|
|a 0813950988
|q paperback
|
| 020 |
|
|
|z 9780813950990
|q electronic book
|
| 035 |
|
|
|a (OCoLC)1411219929
|z (OCoLC)1411219620
|
| 042 |
|
|
|a pcc
|
| 043 |
|
|
|a e-uk---
|
| 050 |
0 |
0 |
|a PR468.W375
|b K58 2024
|
| 082 |
0 |
0 |
|a 820.9/36
|2 23/eng/20240109
|
| 084 |
|
|
|a LIT025020
|a LIT025070
|2 bisacsh
|
| 100 |
1 |
|
|a Kluwick, Ursula,
|d 1977-
|e author.
|
| 245 |
1 |
0 |
|a Haunting ecologies :
|b Victorian conceptions of water /
|c Ursula Kluwick.
|
| 246 |
3 |
0 |
|a Victorian conceptions of water
|
| 264 |
|
1 |
|a Charlottesville :
|b University of Virginia Press,
|c 2024.
|
| 264 |
|
4 |
|c ©2024
|
| 300 |
|
|
|a xv, 252 pages :
|b illustrations ;
|c 24 cm.
|
| 336 |
|
|
|a text
|b txt
|2 rdacontent
|
| 337 |
|
|
|a unmediated
|b n
|2 rdamedia
|
| 338 |
|
|
|a volume
|b nc
|2 rdacarrier
|
| 490 |
1 |
|
|a Victorian literature and culture series
|
| 504 |
|
|
|a Includes bibliographical references and index.
|
| 520 |
|
|
|a "Victorians' views of water and its role in how the social fabric of Victorian Britain was imagined Water matters like few other substances in people's daily lives. In the nineteenth century, it left its traces on politics, urban reform, and societal divisions, as well as on conceptualizations of gender roles. Drawing on the methodology of material ecocriticism, Ursula Kluwick's Haunting Ecologies argues that Victorian Britons were keenly aware of aquatic agency, recognizing water as an active force with the ability to infiltrate bodies and spaces. Kluwick reads works by canonical writers such as Braddon, Dickens, Stoker, and George Eliot alongside sanitary reform discourse, court cases, journalistic articles, satirical cartoons, technical drawings, paintings, and maps. This wide-ranging study sheds new light on Victorian-era anxieties about water contamination as well as on how certain wet landscapes such as sewers, rivers, and marshes became associated with moral corruption and crime. Applying ideas from the field of blue humanities to nineteenth-century texts, Haunting Ecologies argues for the relevance of realism as an Anthropocene form"--
|c Provided by publisher.
|
| 650 |
|
0 |
|a English literature
|y 19th century
|x History and criticism.
|
| 650 |
|
0 |
|a Water in literature.
|
| 650 |
|
0 |
|a Pollution in literature.
|
| 650 |
|
0 |
|a Water
|x Pollution
|z Great Britain
|x History
|y 19th century.
|
| 650 |
|
0 |
|a Ecocriticism.
|
| 650 |
|
6 |
|a Littérature anglaise
|0 (CaQQLa)201-0049945
|y 19e siècle
|0 (CaQQLa)201-0049945
|x Histoire et critique.
|0 (CaQQLa)201-0377571
|
| 650 |
|
6 |
|a Eau dans la littérature.
|0 (CaQQLa)000279084
|
| 650 |
|
6 |
|a Pollution dans la littérature.
|0 (CaQQLa)000282000
|
| 650 |
|
6 |
|a Écocritique.
|0 (CaQQLa)201-0365905
|
| 650 |
|
7 |
|a LITERARY CRITICISM / Subjects & Themes / Nature.
|2 bisacsh
|
| 650 |
|
7 |
|a LITERARY CRITICISM / Subjects & Themes / Gender Identity.
|2 bisacsh
|
| 776 |
0 |
8 |
|i Online version:
|a Kluwick, Ursula, 1977-
|t Haunting ecologies
|d Charlottesville : University of Virginia Press, 2024
|z 9780813950990
|w (DLC) 2023052303
|
| 830 |
|
0 |
|a Victorian literature and culture series.
|
| 945 |
|
|
|b 87629
|
| 947 |
|
|
|a A14852493676
|
| 980 |
|
|
|b print
|c 40032312240
|f NONFIC/B
|g 565714
|k USD
|m 92.00
|q 1
|s AcqMono Conventional
|t Approval plan
|u Vendor order reference number
|v ZYBP
|y Print approval
|z Physical resource
|
| 999 |
f |
f |
|i bbdc0417-5e02-475b-afef-f8f560959c31
|s 8e7accb1-e39b-4b5c-aa63-7ee316279970
|t 0
|
| 952 |
f |
f |
|p newbook
|a Texas A&M University
|b College Station
|c Sterling C. Evans Library
|s Evans nbs
|d Evans: New Book Shelves (1st floor)
|t 0
|e PR468.W375 K58 2024
|h Library of Congress classification
|i unmediated -- volume
|m A14852493676
|